000
00242nam a2200097Ia 4500
008
190216s9999||||xx |||||||||||||| ||und||
100
_a
Dr.Kusriyam Dev B
245
0
_a
Malayalam-Kelkankazhiyatha Shabdam
260
_b
Current Books
942
_c
BK
999
_c
30281
_d
30281